01129nam a2200301Ia 4500001000700000003000500007008004100012010001100053040000900064090001900073100004000092245012400132260003300256300001000289502016800299650002600467650003200493700004200525700005000567700005100617901001900668902000600687910000900693942000600702942000600708999001900714952009400733Z_6180CHAP220113s2007 xx 000 0 und d a169415 cCHAP aTesis G66 2184 aGonzález Cerón, Fernando948783 aInfestación por garrapatas en el ganado criollo lechero tropical en Veracruz México /cFernando González Cerón aMéxico :bEl autor,c2007 a61 h. aTesis (Maestro en Ciencias) -- Colegio de Postgraduados, 2007 \ Consejero: Carlos M. Becerril Pérez; asesoría: Glafiro Torres Hernández y Pablo Díaz Rivera aGanado lechero945237 aGarrapatasxControl9144059 a Díaz Rivera, Pablo, asesor9144060 a Torres Hernández, Glafiro, asesor 9144061 aBecerril Pérez, Carlos M., director 9144062 aTESIS G66 2184 aM a2007 c2 c2 c169415d169415 00104070aZbZc1d2012-06-18f2l0pz_T 3799r2022-01-18 00:00:00t1w2022-01-18y2z2